Countries by Military Spending per Soldier - Statistics

General Stats
  • This quiz has been taken 34 times
  • The average score is 11 of 16
Answer Stats
Military Spending Per Personnel Country Military Spending % Correct
$426,690 United Kingdom $81.8 Billion
97%
$709,670 United States $997 Billion
97%
$389,370 Canada $29.3 Billion
93%
$199,490 France $64.7 Billion
87%
$538,700 Australia $77.6 Billion
83%
$365,180 Germany $88.5 Billion
83%
$393,390 Netherlands $23.2 Billion
80%
$468,590 Sweden $12 Billion
80%
$391,910 Denmark $9.96 Billion
70%
$365,200 Switzerland $6.72 Billion
70%
$214,070 Austria $5.26 Billion
60%
$527,150 Luxembourg $872 Million
60%
$175,460 Singapore $15.1 Billion
53%
$263,340 Kuwait $7.79 Billion
40%
$171,850 Czechia $6.52 Billion
37%
$173,080 Equatorial Guinea $113 Million
0%
No matching quizzes found
Score Distribution
Percent of People with Each Score
Percentile by Number Answered
Your Score History
You have not taken this quiz